00994nam a22002657a 450000500170000000800410001702000180005804100080007608200150008424501180009925000130021726000400023030000410027049000520031150400530036365000580041665000290047465000470050365000460055070000320059670000310062870000370065994200170069699900150071320130703113618.0130703b xxu||||| |||| 00| 0 spa d a9783642053825 aeng00a577.34b2300aTropical rainforest responses to climatic change /cMarc B. Bush, John R. Flenley and William D. Gosling, editors a2nd. ed. aChichester, UK :bSpringer ;cc2011 axxxiv, 454 p. :bil., mapas.c25 cm.0 aSpringer-Praxis books in environmental sciences aIncluye referencias bibliográficas e índices 0aClimatic changesxenvironmental aspectszTropics9195 0aRain forest ecology9196 0aRain forest animalsxclimatic factors9197 0aRain forest plantsxclimatic factors91981 aBush, Marck B.eEditor91991 aFlenley, JohneEditor92001 aGosling, William D.eEditor9201 2ddccIMPRESO c7330d7330